000 00447nam a2200193Ia 4500
008 210210b1987 xxu||||| |||| 00| 0 eng d
082 _a823.914 FOLK
100 _aFOLK TALES
245 _aFolk tales of East Africa
260 _aN D
_bSterling publishers pvt ltd.
_c1987
300 _avii,113
650 _atales
650 _aof
650 _aFolk
650 _aEast
650 _aAfrica
690 _aEnglish Fiction
906 _a040573
999 _c90491
_d90491